Responses for Show #8621 - Monday, April 18, 2022

Mattea Roach game 10.

Contestants

[<< previous game]

Sarah McGrath, a business manager from New York, New York

Caitlin Hayes, a musician and educator from North Vancouver, British Columbia, Canada

Mattea Roach, a tutor from Toronto, Ontario, Canada (whose 9-day cash winnings total $210,802)

[next game >>]

Jeopardy! Round responses

WORLD LEADERS
FANTASY FICTION
OUT OF...
PILLOW TALK
SMITH & JONES
VIGOROUS VOCAB
    $200 1
Nelson Mandela

Mattea
    $200 6
white & red

Mattea
    $200 17
(Ken: Yeah, in Canada you wouldn't know, but yes.)

out of pocket

Mattea
    $200 26
Japan

Mattea
    $200 7
Catherine Zeta-Jones

Mattea
    $200 12
potent

Caitlin
    $400 2
Yalta

Mattea
    $400 22
(Caitlin: What is karate?)

kung fu

Caitlin
Triple Stumper
    $400 18
out of office

Mattea
    $400 27
a ring bearer

Sarah
    $400 8
Maggie Smith

Caitlin
    $400 13
dynamic

Mattea
    $1,000 3
Prussia

Mattea
    $600 23
A Storm of Swords

Triple Stumper
    $600 19
(Ken: Yes, great movie.)

Out of Sight

Sarah
    $600 28
Rock Hudson & Doris Day

Mattea
    $600 9
Patti Smith

Sarah
    $600 14
a steamroller

Mattea
    $800 4
Franco

Mattea
    $800 24
The Once and Future King

Caitlin
    $800 20
been out of print

Sarah
    $800 29
Ty

Sarah
    $800 10
Leslie Jones

Mattea
    $800 15
bouncing

Caitlin
    $1000 5
the Ukraine

Sarah
    $1000 25
(Ken: Less than a minute now, Caitlin.)

a troll

Triple Stumper
    $1000 21
(Mattea: What's out of bounds?)

out of hand

Mattea
Triple Stumper
    $1000 30
boudoir

Caitlin
    $1000 11
(Ken: Still looking good, yes.)

Tom Jones

Sarah
    $1000 16
hale

Caitlin

Scores at the first commercial break (after clue 15):

Mattea Caitlin Sarah
$4,600 $1,400 $2,600

Scores at the end of the Jeopardy! Round:

Mattea Caitlin Sarah
$5,000 $3,800 $5,200

Double Jeopardy! Round responses

WEST OF THE MISSISSIPPI
GEOLOGY
ART ON COMMISSION
AIRLINES
ACTORS ON BROADWAY
ONE E, DOUBLE E
    $400 25
(Ken: Less than a minute to go.)

the Colorado

Mattea
    $400 21
earthquakes

Sarah
    $400 13
Georgia O'Keeffe

Mattea
    $400 2
Alaska Airlines

Mattea
    $400 1
Daniel Radcliffe

Mattea
    $400 8
reindeer

Mattea
    $800 26
Phoenix

Mattea
    $800 22
(Sarah: What is a glossary?)

index

Sarah
Triple Stumper
    $3,000 14
The Last Supper

Mattea
    $800 3
Qantas

Caitlin
    $800 4
Cabaret

Mattea
    $800 9
pedigree

Caitlin
    $1200 27
(Mattea: What is San Francisco?)

Los Angeles

MatteaSarah
    $1200 23
marble

Sarah
    $1200 18
The Night Watch

Sarah
    $3,200 5
(Ken: Of Ireland, that's correct.)
(Mattea: It's a classic, I should have wagered more.)

Aer Lingus

Mattea
    $1200 10
The Producers

Caitlin
    $1200 15
carefree

Triple Stumper
    $1600 28
Wichita

Triple Stumper
    $1600 24
drifts

Mattea
    $1600 19
Rivera

Caitlin
    $1600 6
Spirit Airlines

Triple Stumper
    $1600 11
Laura Linney

Caitlin
    $1600 16
a negligee

Mattea
    $2000 29
Galveston

Mattea
    $2000 30
ground penetrating radar

Sarah
    $2000 20
(Ken: Famous for his women with red hair, this is [*].)

Titian

Triple Stumper
    $2000 7
the UAE

Mattea
    $2000 12
Liam Neeson

Sarah
    $2000 17
(Ken: It was "gnu" to me as well, no pun intended.)
[Laughter]

a hartebeest

Triple Stumper

Scores at the end of the Double Jeopardy! Round:

Mattea Caitlin Sarah
$20,800 $9,800 $12,400

[wagering suggestions for these scores]

Final Jeopardy! Round responses

WORLD LITERATURE
(Ken: [To Caitlin] The first translation of [**] into European languages.)
...
(Ken: [To Sarah] Well, they are desert stories, but I don't know if they are dessert stories.)
[Laughter]
...
(Mattea: I tried to go for Midnight's Children.)
(Ken: It's mostly there.)
CaitlinWhat is Arabian Nights?
$2,000
Sarahwhat is dessert stories?
$9,000
MatteaWhat are the Midnight's Child
$4,001
Arabian Nights (the One Thousand and One Nights)

Final scores:

Mattea Caitlin Sarah
$16,799 $11,800 $3,400
10-day champion: $227,601 2nd place: $2,000 3rd place: $1,000

Game dynamics:

Coryat scores:

Mattea Caitlin Sarah
$16,200 $9,800 $12,400
26 R
(including 3 DDs),
2 W
11 R,
1 W
13 R,
1 W

Combined Coryat: $38,400

[game clues] [game scores] [suggest correction]

Game tape date: 2022-02-09
The J! Archive is created by fans, for fans. Scraping, republication, monetization, and malicious use prohibited; this site may use cookies and collect identifying information. See terms. The Jeopardy! game show and all elements thereof, including but not limited to copyright and trademark thereto, are the property of Jeopardy Productions, Inc. and are protected under law. This website is not affiliated with, sponsored by, or operated by Jeopardy Productions, Inc. Join the discussion at JBoard.tv.